| 000 | 00559nam a22002057a 4500 | ||
|---|---|---|---|
| 003 | OSt | ||
| 005 | 20140310181923.0 | ||
| 008 | 130719t xxu||||| |||| 00| 0 eng d | ||
| 050 |
_aMT 442 _b.R658 1934 |
||
| 082 |
_aTR 788.92 _bR56 1934 |
||
| 100 |
_aRobinson, A. F. _91927 |
||
| 245 |
_aRubank elementary method : _bCornet or Trumpet / _c A. F. Robinson |
||
| 260 |
_aChicago : _bRubank, _cc1934. |
||
| 300 |
_a48 p. : _bill. ; _c30 cm. |
||
| 521 | _aFaculty | ||
| 541 | _j1 | ||
| 562 | _e1 | ||
| 650 |
_aCornet. _91902 |
||
| 942 |
_2lcc _cBK-TR _kTR |
||
| 999 |
_c7059 _d7059 |
||